000 00697nam a2200253Ia 4500
003 OSt
005 20221005072342.0
006 a|||||r|||| 00| 0
007 ta
008 221004b |||||||| |||| 00| 0 eng d
020 _a9788124605400 (pbk)
_c170
024 _a99849
037 _b947, 15/02/2010, Bookwell
_cTextual
040 _aCRL
_cCRL
_beng
041 _2eng
_aeng
082 _aQ6.2, Q0
100 _aSharma Arvind
245 0 _aChristianity for Hindus
260 _aNew Delhi
_bD.K.Printworld India
_c2010
300 _a109p.
_ccm.
650 _aRELIGION
942 _hQ6.2, Q0
_cTEXL
_2cc
999 _c979293
_d979293